000 01764nam a22003254i 4500
001 32552
003 DO-SdISF
005 20250326105952.0
007 ta
008 240209s2020 dr a|||frm||| 000 0 spa d
040 _aDO-SdISF
_bspa
_erda
_cDO-SdISF
090 _aTMEFI-2020-0015
100 1 _aLópez Guillén, Rudy Gilberto
_eautor
_922703
245 1 0 _aAcciones educativas para la formación de estilos de vida saludable en estudiantes de la asignatura metodología del entrenamiento deportivo escolar del programa de licenciatura en Educación Física del recinto Luis Napoleón Núñez Molina Licey al Medio, Santiago /
_csustentado por: Rudy Gilberto López Guillén ; asesor: Fernando Guío Gutiérrez
264 1 _aSanto Domingo :
_bISFODOSU,
_c2020
300 _a73 hojas :
_bilustraciones ;
_c27 cm.
336 _2rdacontent
_atexto
_btxt
337 _2rdamedia
_asin mediación
_bn
338 _2rdacarrier
_avolumen
_bnc
502 _aTesis para optar por el título de Maestría en Educación Física Integral - Instituto Superior de Formación Docente Salomé Ureña - ISFODOSU, Recinto EMH, 2020.
504 _aBibliografía en hoja 64
505 2 _aIntroducción al problema de investigación 1 - Revisión de literatura 13 - Metodología 30 - Presentación de resultados 58 - Interpretación de los resultados 55 - Referencias bibliográficas 64 - anexos 73
610 1 4 _aInstituto Superior de Formación Docente Salomé Ureña
_vTesis
_2armarc
_920677
650 1 4 _aEducación física
_xEnseñanza
_2armarc
_93852
650 1 7 _aEstilos de vida
_920982
650 1 4 _aPromoción de la salud
_xMetodología
_98733
650 1 4 _aEstudiantes universitarios
_94500
700 1 _aGuío Gutiérrez, Fernando
_931320
_easesor
942 _2LOC
_cTESIS
999 _c13383
_d13383